000 00767cab a2200253 4500
001 ABS57693
008 090401t1997 xxu||||| |||| 00| 0 eng d
035 _a(Sirsi) u81767
041 _aeng
100 _aFisher, A.
245 _aSaleroom pays £750 fine in misdescription case
260 _c1997
350 _a0
490 _aCSM (Chartered Surveyor Monthly)
_v7(2) October 1997, 44-45(2)
520 _aAuthor warns auctioneers to be careful following a crown court misdescriptions case where a saleroom was fined £750.
650 _aANTIQUES AUCTION
650 _aAUCTION CATALOGUES
650 _aAUCTIONEERS
650 _aMISDESCRIPTIONS
650 _aMUSICAL INSTRUMENTS
690 _aAuctioneering
_96218
942 _n0
948 _c29/10/1997
999 _c51552
_d51552